El paisaje geográfico; 1º año /

Guardado en:
Autor Principal: Othondo, Martha E.
Otros Autores: Fraternali, María C. / Codagnone, Silvia E.
Formato: Libro
Publicado: Mar del Plata : Del Autor, 1993
Materias:
Etiquetas: Agregar Etiqueta
Sin Etiquetas, Sea el primero en etiquetar este registro!
LEADER 00628nam a22002175a 4500
001 CEM.cems007424
005 20060214000000.0
008 130507s1993##################000#0#####d
003 CEMS
082 0 4 |a 910 
100 1 |a Othondo, Martha E. 
245 1 0 |a El paisaje geográfico; 1º año / 
260 |a Mar del Plata :  |b Del Autor,  |c 1993 
300 |a 111 p. 
653 |a Geografia 
653 |a Geografia 1er. año 
653 |a Geografia general 
653 |a Geografia-divisiones 
653 |a Husos horarios 
700 1 |a Fraternali, María C. / Codagnone, Silvia E. 
859 |a CEMS  |b BIB. CEMS - 11 de abril  |h 910  |i Ot3  |p 17358.93  |t Ej.1